| 000 | 00531nam a22001695i 4500 | ||
|---|---|---|---|
| 001 | 170275 | ||
| 003 | ES-MaACL | ||
| 005 | 20230906214335.0 | ||
| 008 | 090218s1869 fr |||| | fre d | ||
| 080 | _a821.133.1-14"18" | ||
| 100 | 0 |
_aCoppée, François. _940420 |
|
| 245 | 1 | 3 |
_aLa gréve des forgerons _b: poëme / _cFrançois Coppée. |
| 250 | _a10 eme. ed. | ||
| 260 |
_aParis : _bAlphonse Lemerre, _c1869. |
||
| 300 |
_a15 p. ; _c19 cm. |
||
| 852 |
_aES-MaACL _j2248-F-13 _9R.140946 _z.- Biblioteca Jacinto Martínez Lacalle |
||
| 999 |
_c170275 _d170275 |
||